Fail to get Act together (Record no. 68193)
[ view plain ]
| 000 -LEADER | |
|---|---|
| fixed length control field | 00911cam a2200229 4500 |
| 001 - CONTROL NUMBER | |
| control field | ABS64395 |
| 008 - FIXED-LENGTH DATA ELEMENTS--GENERAL INFORMATION | |
| fixed length control field | 010907n2001 000 0 eng u |
| 035 ## - SYSTEM CONTROL NUMBER | |
| System control number | (Sirsi) u114474 |
| 100 ## - MAIN ENTRY--PERSONAL NAME | |
| Personal name | Holt, S |
| 245 ## - TITLE STATEMENT | |
| Title | Fail to get Act together |
| 260 ## - PUBLICATION, DISTRIBUTION, ETC. | |
| Date of publication, distribution, etc. | 2001 |
| 490 ## - SERIES STATEMENT | |
| Series statement | Estates Gazette |
| Volume/sequential designation | (0134) 25 August 2001, 94-95(2) |
| 520 ## - SUMMARY, ETC. | |
| Summary, etc. | Examines the DETR's proposed reforms to the Landlord and Tenant Act 1954 and, while the majority of the proposed amendments are welcome, considers that they fail to address key issues such as in relation to interim rent and periodic tenancies. Also considers that the suggested reforms do not correlate with forthcoming changes to the CPR. |
| 590 ## - LOCAL NOTE (RLIN) | |
| Local note | ABS |
| 650 ## - SUBJECT ADDED ENTRY--TOPICAL TERM | |
| Topical term or geographic name entry element | LANDLORD AND TENANT ACT 1954 |
| 650 ## - SUBJECT ADDED ENTRY--TOPICAL TERM | |
| Topical term or geographic name entry element | REFORMS |
| 650 ## - SUBJECT ADDED ENTRY--TOPICAL TERM | |
| Topical term or geographic name entry element | INTERIM RENT |
| 650 ## - SUBJECT ADDED ENTRY--TOPICAL TERM | |
| Topical term or geographic name entry element | PERIODIC TENANCIES |
| 690 ## - LOCAL SUBJECT ADDED ENTRY--TOPICAL TERM (OCLC, RLIN) | |
| Topical term or geographic name as entry element | PROPERTY-LANDLORD AND TENANT |
| 700 ## - ADDED ENTRY--PERSONAL NAME | |
| Personal name | Hancock, C |
| 942 ## - ADDED ENTRY ELEMENTS (KOHA) | |
| Suppress in OPAC | 0 |
| Withdrawn status | Lost status | Source of classification or shelving scheme | Damaged status | Not for loan | Home library | Current library | Shelving location | Date acquired | Total Checkouts | Full call number | Barcode | Date last seen | Copy number | Price effective from | Koha item type |
|---|---|---|---|---|---|---|---|---|---|---|---|---|---|---|---|
| Dewey Decimal Classification | London | London | Journal article | 07/09/2001 | ABS64395 | 114474-1001 | 06/08/2019 | 1 | 06/08/2019 | Journal article |